Auge y crisis de la argentina agroexportadora (1880-1930) /
Guardado en:
| Autor Principal: | |
|---|---|
| Formato: | Libro |
| Publicado: |
Buenos Aires :
Longseller,
2004
|
| Materias: | |
| Etiquetas: |
Agregar Etiqueta
Sin Etiquetas, Sea el primero en etiquetar este registro!
|
| LEADER | 00624nam a22001695a 4500 | ||
|---|---|---|---|
| 001 | CEM.cems018668 | ||
| 008 | 130507s2004##################000#0#####d | ||
| 005 | 20211202094325.0 | ||
| 003 | CEMS | ||
| 245 | 1 | 0 | |a Auge y crisis de la argentina agroexportadora (1880-1930) / |c Vilma Paura y Gerardo Serrano |
| 260 | |a Buenos Aires : |b Longseller, |c 2004 | ||
| 300 | |a 97 p. | ||
| 505 | 0 | |a Apogeo y fractura del orden conservador -- El midelo liberal exportador -- La constitución de un campo cultural | |
| 020 | |a 987948178X | ||
| 100 | 1 | |a Paura, Vilma | |
| 600 | 1 | 4 | |a Serrano, Gerardo |
| 859 | |a CEMS |b BIB. CEMS - Agricultura |h 982 |i P334-1 |p A3025.18 |t Ej.1 | ||
